Introduction to positive economics (Record no. 4487)

000 -LEADER
fixed length control field 00603nam a22002175a 4500
001 - CONTROL NUMBER
control field 4487
003 - CONTROL NUMBER IDENTIFIER
control field BD-DhUET
008 - FIXED-LENGTH DATA ELEMENTS--GENERAL INFORMATION
fixed length control field 040324s2004 enka b 001 0 eng
020 ## - INTERNATIONAL STANDARD BOOK NUMBER
International Standard Book Number 0198774257
040 ## - CATALOGING SOURCE
Original cataloging agency DLC
Transcribing agency DLC
Modifying agency BD-DhUET
082 04 - DEWEY DECIMAL CLASSIFICATION NUMBER
Classification number 330.1
Item number LIP/1995
100 ## - MAIN ENTRY--PERSONAL NAME
Personal name Lipsey, Richard G.
245 10 - TITLE STATEMENT
Title Introduction to positive economics
Statement of responsibility, etc. by Richard G. Lipsey & K. Alec Chrystal.
250 ## - EDITION STATEMENT
Edition statement 8th ed.
260 ## - PUBLICATION, DISTRIBUTION, ETC. (IMPRINT)
Place of publication, distribution, etc. Oxford
Name of publisher, distributor, etc. Oxford University Press
Date of publication, distribution, etc. 1995
300 ## - PHYSICAL DESCRIPTION
Extent 919 p.
Other physical details col. ill. ;\
504 ## - BIBLIOGRAPHY, ETC. NOTE
Bibliography, etc Includes bibliographies
650 #0 - SUBJECT ADDED ENTRY--TOPICAL TERM
Topical term or geographic name as entry element Economics
700 ## - ADDED ENTRY--PERSONAL NAME
Personal name Chrystal, K. Alec
942 ## - ADDED ENTRY ELEMENTS (KOHA)
Koha item type General Book
Holdings
Date acquired Not for loan Koha normalized classification for sorting Source of classification or shelving scheme Damaged status Sublocation or collection (holding branch) Location (home branch) Koha item type Withdrawn status Koha full call number Copy number Shelving location Lost status Piece designation (barcode) Koha date last seen Price effective from
2014-11-17 330_000000000000000_1LIP1995  Central Library, BUETCentral Library, BUETGeneral Book 330.1/LIP/19951Circulation section 930962014-11-172014-11-17
2015-06-09 330_100000000000000_LIP_1995  Central Library, BUETCentral Library, BUETReading Item 330.1/LIP/19952Reading section 930922015-06-092015-06-09
2015-06-09 330_100000000000000_LIP_1995  Central Library, BUETCentral Library, BUETReading Item 330.1/LIP/19953Reading section 930932015-06-092015-06-09